Historia de México conversaciones con don Eugenio del Hoyo /

Guardado en:
Detalles Bibliográficos
Autor principal: Hoyo, Eugenio del (autor)
Otros autores: Zambrano, Jesús (entrevista y presentación) (entrevista y presentación)
Formato: Libro
Idioma:Español
Publicado: México : edición de autor, 2004, c1997
Etiquetas: Agrega una etiqueta
Sin etiquetas, Sé el primero en etiquetar este registro!

MARC

LEADER 00000nam^a2200000^a^4500
001 000629683
005 20260407000000.0
009 20260408133314.515
020 |a 970-91949-0-9 
037 |a Acervo ITESO - Biblioteca 
041 |a ESP 
091 |a FOB. 04283 
100 |a Hoyo, Eugenio del  |e (autor) 
245 1 0 |a Historia de México conversaciones con don Eugenio del Hoyo / 
264 4 |a México :  |b edición de autor,  |c 2004, c1997 
300 |a XXI, 491 p. 
336 |a texto  |b txt  |2 rdacontenido 
337 |a sin mediación  |b n  |2 rdamedio 
338 |a volumen  |b nc  |2 rdasoporte 
649 |a XX 
700 |a Zambrano, Jesús  |e (entrevista y presentación) 
910 |a Fondo Carlos de Obeso Orendain 
920 |a Impresos - Libros 
930 |a Fondos Especiales 
905 |a 147 
901 |a 630065-10  |b IT2  |c ESP  |i D87970  |u 20260407 
902 |a https://opac.biblio.iteso.mx/vufind/Record/000629683